Elements That Are Critical Minerals 🪨 - Statistics

General Stats
  • This quiz has been taken 19 times
  • The average score is 23 of 51
Answer Stats
Element % Correct
Aluminium
85%
Platinum
85%
Copper
77%
Nickel
77%
Carbon
69%
Cobalt
69%
Magnesium
69%
Phosphorus
69%
Titanium
69%
Boron
62%
Helium
62%
Lithium
62%
Manganese
62%
Tungsten
62%
Beryllium
54%
Gallium
54%
Hafnium
54%
Iridium
54%
Palladium
54%
Ruthenium
54%
Silicon
54%
Vanadium
54%
Bismuth
46%
Fluorine
46%
Germanium
46%
Indium
46%
Yttrium
46%
Antimony
38%
Arsenic
38%
Barium
38%
Niobium
38%
Osmium
38%
Rhodium
38%
Strontium
38%
Tantalum
38%
Ytterbium
38%
Erbium
31%
Europium
31%
Lanthanum
31%
Lutetium
31%
Scandium
31%
Cerium
23%
Holmium
23%
Neodymium
23%
Praseodymium
23%
Terbium
23%
Dysprosium
15%
Gadolinium
15%
Promethium
15%
Thulium
15%
Samarium
8%
No matching quizzes found
Score Distribution
Percent of People with Each Score
Percentile by Number Answered
Your Score History
You have not taken this quiz